Návrh prezentácie podniku pomocou sociálnych sietí bakalárska práca

Enregistré dans:
Détails bibliographiques
Auteur principal: Dobrotová, Dominika
Collectivité auteur: Fakulta podnikového manažmentu EU. Katedra informačného manažmentu
Autres auteurs: Töröková, Anikó, 1963-
Format: Livre
Langue:slovaque
Publié: Bratislava 2019
Tags: Ajouter un tag
Pas de tags, Soyez le premier à ajouter un tag!

MARC

LEADER 00000nbm a2200000 4500
001 0255342
005 20191107142355.3
041 0 |a slo 
044 |a SK 
245 1 0 |a Návrh prezentácie podniku pomocou sociálnych sietí  |b bakalárska práca  |c Dominika Dobrotová ; školiteľ: Anikó Töröková 
264 1 |a Bratislava  |c 2019 
300 |a 44 s. 
100 1 |a Dobrotová, Dominika 
700 1 |a Töröková, Anikó, 1963- 
710 2 |a Fakulta podnikového manažmentu EU. Katedra informačného manažmentu